000 00847nam a2200253Ia 4500
003 OSt
005 20220923222843.0
006 a|||||r|||| 00| 0
007 ta
008 220922b |||||||| |||| 00| 0 hin d
024 _a208,435
037 _cTextual
040 _aARTS
_cARTS
_bhin
041 _2hin
_ahin
082 _aO152,3NVAx, M6
100 _aवर्मा, प्रतिभा
_9156279
245 0 _aधूप - धूप - साया - साया
246 _aDhūp - dhūp - sāyā - sāyā
260 _aदिल्ली
_b नेशनल पब्लिश्ंिांग हा0
_c1968
300 _a99पृ.
_ccm.
650 _aहिन्दी साहित्य
_9156264
942 _hO152,3NVAx, M6
_cTEXL
_2CC
999 _c359031
_d359031